00485nam a2200121Ia 4500008004100000245007200041245008500113260000900198650001300207856005100220999001900271952007300290171204s9999 xx 000 0 und d aGeometry, Algebra and Applications: From Mechanics to Cryptography: cLuis Hernández Encinas, Marco Castrillón López, and Pedro Martínez Gadea c2016 xGeometry uhttp://down.ebook777.com/043/9783319320847.pdf c345522d345522 001040aCLbCLd2017-12-04l0r2017-12-04 00:00:00w2017-12-04yCBE